Normal view
MARC view
- Baggio, Rodolfo
Entry Personal Name
001 - CONTROL NUMBER
- control field: 98995
003 - CONTROL NUMBER IDENTIFIER
- control field: NUST
005 - DATE AND TIME OF LATEST TRANSACTION
- control field: 20220923154237.0
008 - FIXED-LENGTH DATA ELEMENTS
- fixed length control field: 220923|| aca||aabn | a|a d
040 ## - CATALOGING SOURCE
- Original cataloging agency: NUST
- Transcribing agency: NUST
100 ## - HEADING--PERSONAL NAME
- Personal name: Baggio, Rodolfo
670 ## - SOURCE DATA FOUND
- Source citation: Work cat.: (NUST)0: Baggio, Jacopo A., 1980- author. 98990, Modelling and simulations for tourism and hospitality :
